Modelling coils system for generating homogeneous magnetic field; IOP Conference Series: Materials Science and Engineering; Vol. 66: 20th International Conference for Students and Young Scientists: Modern Techniques and Technologies (MTT'2014), Tomsk, Russia, 14-18 April 2014
| Parent link: | IOP Conference Series: Materials Science and Engineering Vol. 66: 20th International Conference for Students and Young Scientists: Modern Techniques and Technologies (MTT'2014), Tomsk, Russia, 14-18 April 2014.— 2014.— [012009, 6 p.] |
|---|---|
| Hlavní autor: | |
| Korporativní autor: | |
| Další autoři: | , |
| Shrnutí: | Title screen Magnetometers are used for measuring the characteristics of magnetic field and magnetic properties of the material. A changeable source of a homogeneous magnetic field is necessary for verification and calibration of magnetometers. Often the Helmholtz coil is used for generating magnetic homogeneous field, but homogeneous field area generated by Helmholtz coils is confined to a small volume in the center of the coils. The paper describes result of modeling a coils system to generate a homogeneous magnetic field with increased volume in comparison to Helmholtz coils. Режим доступа: по договору с организацией-держателем ресурса |
| Jazyk: | angličtina |
| Vydáno: |
2014
|
| Témata: | |
| On-line přístup: | http://iopscience.iop.org/1757-899X/66/1/012009 |
| Médium: | MixedMaterials Elektronický zdroj Kapitola |
| KOHA link: | https://koha.lib.tpu.ru/cgi-bin/koha/opac-detail.pl?biblionumber=637840 |
MARC
| LEADER | 00000nla2a2200000 4500 | ||
|---|---|---|---|
| 001 | 637840 | ||
| 005 | 20231215110920.0 | ||
| 035 | |a (RuTPU)RU\TPU\network\2020 | ||
| 035 | |a RU\TPU\network\2010 | ||
| 090 | |a 637840 | ||
| 100 | |a 20141028a2014 k y0engy50 ba | ||
| 101 | 0 | |a eng | |
| 102 | |a GB | ||
| 105 | |a y z 010zy | ||
| 135 | |a drcn ---uucaa | ||
| 181 | 0 | |a i | |
| 182 | 0 | |a b | |
| 200 | 1 | |a Modelling coils system for generating homogeneous magnetic field |f V. E. Ogay, P. Baranov, A. Stepankova | |
| 203 | |a Text |c electronic | ||
| 300 | |a Title screen | ||
| 320 | |a [References: 7 tit.] | ||
| 330 | |a Magnetometers are used for measuring the characteristics of magnetic field and magnetic properties of the material. A changeable source of a homogeneous magnetic field is necessary for verification and calibration of magnetometers. Often the Helmholtz coil is used for generating magnetic homogeneous field, but homogeneous field area generated by Helmholtz coils is confined to a small volume in the center of the coils. The paper describes result of modeling a coils system to generate a homogeneous magnetic field with increased volume in comparison to Helmholtz coils. | ||
| 333 | |a Режим доступа: по договору с организацией-держателем ресурса | ||
| 461 | 0 | |0 (RuTPU)RU\TPU\network\2008 |t IOP Conference Series: Materials Science and Engineering | |
| 463 | 0 | |0 (RuTPU)RU\TPU\network\2009 |t Vol. 66: 20th International Conference for Students and Young Scientists: Modern Techniques and Technologies (MTT'2014), Tomsk, Russia, 14-18 April 2014 |f National Research Tomsk Polytechnic University (TPU) |v [012009, 6 p.] |d 2014 | |
| 610 | 1 | |a электронный ресурс | |
| 610 | 1 | |a труды учёных ТПУ | |
| 700 | 1 | |a Ogay |b V. E. |c specialist in the field of control and measurement equipment |c senior lecturer of Tomsk Polytechnic University, Engineer |f 1986- |g Vitaliya Evgenyevna |3 (RuTPU)RU\TPU\pers\31263 |9 15441 | |
| 701 | 1 | |a Baranov |b P. |g Pavel | |
| 701 | 1 | |a Stepankova |b A. | |
| 712 | 0 | 2 | |a Национальный исследовательский Томский политехнический университет (ТПУ) |b Энергетический институт (ЭНИН) |b Кафедра электроснабжения промышленных предприятий (ЭПП) |3 (RuTPU)RU\TPU\col\18676 |
| 801 | 1 | |a RU |b 63413507 |c 20140916 | |
| 801 | 2 | |a RU |b 63413507 |c 20141111 |g RCR | |
| 856 | 4 | |u http://iopscience.iop.org/1757-899X/66/1/012009 | |
| 942 | |c CF | ||